000 00355cam a2200145ua 4500
020 _a9788173716782
082 _a530.
_bJAI/EN
100 _aJain,Sanjay D
_91354
100 _aSagasrabudhe,Girish G
_91355
245 _aEngineering Physics
250 _a/1
260 _aHyderabad
_bUniversities Press India Pvt Ltd
_c2010
300 _a594.
942 _cBK
999 _c13607
_d13607